Manažment diverzity vo vybranom podniku diplomová práca

Na minha lista:
Detalhes bibliográficos
Autor principal: Halanová, Patrícia
Autor Corporativo: Fakulta podnikového manažmentu EU. Katedra manažmentu
Outros Autores: Joniaková, Zuzana, 1970-
Formato: Livro
Idioma:eslovaco
Publicado em: Bratislava 2021
Tags: Adicionar Tag
Sem tags, seja o primeiro a adicionar uma tag!

MARC

LEADER 00000nbm a2200000 4500
001 0275770
005 20211125104748.9
041 0 |a slo 
044 |a SK 
245 1 0 |a Manažment diverzity vo vybranom podniku  |b diplomová práca  |c Patrícia Halanová ; školiteľ: Zuzana Joniaková 
264 1 |a Bratislava  |c 2021 
300 |a 86 s. 
100 1 |a Halanová, Patrícia 
700 1 |a Joniaková, Zuzana, 1970- 
710 2 |a Fakulta podnikového manažmentu EU. Katedra manažmentu